000 006240000a22001810004500
003 MACL
005 20160403152048.0
008 160403b xxu||||| |||| 00| 0 eng d
040 _aMACL
_cMACL
041 _aHindi
082 _a320
100 _aउर्मिलेश
_950340
245 _aकश्‍मीर
_bविरासत और सियासत
260 _bअनामिका पब्लिशर्स एण्‍ड डिस्‍ट्रीब्‍यूटर्स
_c2006
_aदिल्‍ली
350 _a250
650 _aSocial Problems & Services
_950341
942 _cHIN
_k320
_2ddc
999 _c41631
_d41631